LEADER 00914nam a2200229 i 4500 001 000000061494 003 CaOOAMICUS 005 20260123143550.0 008 120504s1951 xx u000 u fre u 013 $a32666 040 $aSeMil$bita 245 13$aLa place du Christ dans le plan de Dieu. 300 $a317 p. 650 4$aCristologia - Studi.$0(OLS)http://semarc/subject/282 650 4$aTeologia - Manuali.$0(OLS)http://semarc/subject/315 700 1 $aBouëssé, Humbert,$c.$0(OLS)http://semarc/name/12042 773 0 $aBouëssé, Humbert $tSauveur du monde.$dChambery-Leysse : College Theologique Dominicain, [1953?]$g1$w()26699 850 $aSeMil 852 $aSeMil$W1$xVenegono$y1$m2D IV 143$j27647$B27647$CSeMilBibl$Z2$F27650 $81 961 $aOmaggio: Oggioni don Costantino 996 $6245$aLa place du Christ dans le plan de Dieu$9(OLS)http://semarc/title/96625 LEADER 01279nam a2200217 4500 001 000000350268 003 CaOOAMICUS 005 20220511120110.0 008 220511s20012021gw 000 u ger r 040 $aSeMil$bita 100 1 $aSchmitt, Hans-Christoph,$d<1941-2020>.$0(OLS)http://semarc/name/40325 245 10$aGesammelte Schriften /$cHans-Christoph Schmitt. 264 1$aBerlin ; Boston :$bDe Gruyter,$c2001-2021. 300 $a2 v. ;$c24 cm 490 1 $aBeihefte zur Zeitschrift für die alttestamentliche Wissenschaft 774 0 $aSchmitt, Hans-Christoph <1941-2020>$tTheologie in Prophetie und Pentateuch.$dBerlin ; New York : De Gruyter, 2001.$kBeihefte zur Zeitschrift für die alttestamentliche Wissenschaft$z3-11-017188-0$g1$w()89071 774 0 $aSchmitt, Hans-Christoph <1941-2020>$tRedaktionsgeschichtliche Studien zum Pentateuch.$dBerlin ; Boston : De Gruyter, 2021.$kBeihefte zur Zeitschrift für die alttestamentliche Wissenschaft$z978-3-11-072439-4$g2$w()350267 830 0$aBeihefte zur Zeitschrift für die alttestamentliche Wissenschaft.$0(OLS)http://semarc/title/294 996 $6245$aGesammelte Schriften$9(OLS)http://semarc/title/1264 996 $6264$aBerlin ; Boston :$bDe Gruyter$9(OLS)http://semarc/publisher/36449